000 00501 a2200181 4500
001 77087
020 _a9780194799003
082 _a423 HOR
090 _c39306
_d39306
100 _aA S Hornby
245 _aOxford Advanced Learner's Dictionary of Current English 8th/Ed
_bDictionary
_cA S Hornby
_hEnglish
250 _a8th
260 _aNewYork
_bOxford University Press
_c2010
300 _aXii 1940P
500 _aDOS BS Reference Books
505 _aGifted Books
600 _aDictionary
942 _aCAE NUST
_k423 HOR
_cBS
999 _c312160
_d312160